000 01352pam a2200337 a 4500
001 3857625
005 20020824181632.0
008 881114s1990 enka b 001 0 eng
010 _a88038900
020 _a0521346657
020 _a0521067316
020 _a9780521346658 (hardback)
020 _a9780521067317 (paperback)
040 _aDLC
_cDLC
_dDLC
050 0 0 _aHM251
_b.G695 1990
082 0 0 _a302.018
_219
_bGOT
100 1 _aGottman, John Mordechai.
_93563
245 1 0 _aSequential Analysis :
_bA Guide for Behavioral Researchers /
_cJohn Mordechai Gottman, Anup Kumar Roy.
260 _aCambridge [England] ;
_aNew York :
_bCambridge University Press,
_cc1990.
300 _aix, 275 p. :
_bill. ;
_c24 cm.
500 _aIncludes indexes.
504 _aBibliography: p. [251]-264.
650 0 _aSocial psychology
_xMethodology.
_93564
650 0 _aSequential analysis.
_93565
650 0 _aSocial interaction
_xStatistical methods.
_93566
700 1 _aRoy, Anup Kumar.
_93567
856 4 2 _3Publisher description
_uhttp://www.loc.gov/catdir/description/cam023/88038900.html
856 4 1 _3Table of contents
_uhttp://www.loc.gov/catdir/toc/cam028/88038900.html
942 _2ddc
_cBB
999 _c11273
_d11273